History Quiz

Random History or World Quiz

20th Century World Leaders Quiz Stats

Quiz Updated Oct 7, 2015

Challenge
Share
Tweet
Score 0/20 Timer 06:00
0 Plays Today
% Correct
John F. Kennedy
98.8%
Margaret Thatcher
94.9%
Fidel Castro
93.6%
Mao Zedong
86.7%
Saddam Hussein
81.8%
Kim Jong Il
75.7%
Muammar Gaddafi
70.8%
Charles de Gaulle
53.7%
Hirohito
52.3%
Benjamin Netanyahu
50.3%
% Correct
Benazir Bhutto
47.8%
Ruhollah Khomeini
47.4%
Nicholas II
44.8%
Francisco Franco
29%
Wilhelm II
28.8%
Mustafa Kemal Atatürk
26.4%
Haile Selassie I
24%
Josip Broz Tito
21.3%
Pierre Trudeau
19%
Suharto
17.2%

You're not logged in!

Compare scores with friends on all Sporcle quizzes.
Join for Free
OR
Log In

You Might Also Like...

Show Comments

Extras

Top Quizzes Today


Score Distribution

Your Account Isn't Verified!

In order to create a playlist on Sporcle, you need to verify the email address you used during registration. Go to your Sporcle Settings to finish the process.

Report this User

Report this user for behavior that violates our Community Guidelines.

Details: